000 01871cab a22003855a 4500
001 L137780
008 070430e2007 xxk 000 0 eng d
035 _a(Sirsi) u137780
041 0 _aeng
100 1 _aKing, Paul
245 0 0 _aLearning the new rules
_ba guide to environmental regulation in the 21st century
260 _c2007
490 0 _aBuilding
_vSupplement April 2007 (LOAN)
520 _aSpecial supplement focusing on various environmental regulations affecting the built environment. Looks at: costs involved in meeting the "Code for sustainable homes" (L35998); new rules on water conservation set out in "Water efficiency in new buildings" (L135934); the challenge of delivering zero carbon homes; whether energy should be generated by onsite renewables or off site wind farms; the cost-effectiveness of giving an office a better energy rating; and the effect of Part L on buildings. Includes a summary of the new rules, including when they take effect.
590 _aKA
650 2 4 _aDCLG CODE FOR SUSTAINABLE HOMES
650 2 4 _aBUILDING REGULATIONS 2000 APPROVED DOCUMENT L1A (2006 EDITION)
650 2 4 _aBUILDING REGULATIONS 2000 APPROVED DOCUMENT L2A (2006 EDITION)
650 2 4 _aBUILDING REGULATIONS 2000 APPROVED DOCUMENT L1B (2006 EDITION)
650 2 4 _aBUILDING REGULATIONS 2000 APPROVED DOCUMENT L2B (2006 EDITION)
650 2 4 _aSITE WASTE MANAGEMENT PLANS
650 2 4 _aDIRECTIVE 2002/91/EC
651 4 _aUnited Kingdom
_y
690 2 4 _aPLANNING POLICY STATEMENT 22
690 _aENVIRONMENTAL AND LAND CONSULTANCY-ENVIRONMENTAL MANAGEMENT
690 _aBUILT ENVIRONMENT-BUILDING STANDARDS
700 1 _aMactavish, Adam
700 1 _aTebbit, John
700 1 _aCrowe, Kristina
700 1 _aSmith, Alex
700 1 _aCullen, Nick
700 1 _aRawlinson, Simon
700 1 _aClowes, Martin
942 _n0
999 _c78712
_d78712